000 00503nam a2200181Ia 4500
005 20250326140526.0
008 250326s9999 xx 000 0 und d
037 _aTextbook
040 _aFMSL
_beng
_cFMSL
041 _aeng
_2eng
084 _aX7d.44 M0
_qFMSL
100 _aIIC
_9735819
245 0 _aSpecialised ficial institutions
_cIIC
260 _aNew Delhi
_bNew Delhi, Indian Inverstment Centre
_c1980
300 _a192p
942 _cTB
_hX7d.44 M0
999 _c1286168
_d1286168